Mensaje a los alumnos de arquitectura /

Ideas del distinguido arquitecto jalisciense Ignacio Díaz Morales respecto a la teoría de la arquitectura y su ejercicio profesional.

Сохранить в:
Библиографические подробности
Главный автор: Díaz Morales, Ignacio (autor)
Формат:
Язык:испанский
Опубликовано: Guadalajara, México : Margarita González Luna de Díaz Morales, 1997, c1997
Предметы:
Метки: Добавить метку
Нет меток, Требуется 1-ая метка записи!

MARC

LEADER 00000nam^a2200000^a^4500
001 000275587
005 20250526000000.0
009 20260310111236.144
037 |a Acervo ITESO - Biblioteca 
041 |a ESP 
082 |a 720. 1  |b DIA 
100 |a Díaz Morales, Ignacio  |e (autor) 
245 1 0 |a Mensaje a los alumnos de arquitectura /  |c I. Díaz Morales. 
264 4 |a Guadalajara, México :  |b Margarita González Luna de Díaz Morales,  |c 1997, c1997 
300 |a 30 p. ;  |c 21.5 cm. 
336 |a texto  |b txt  |2 rdacontenido 
337 |a sin mediación  |b n  |2 rdamedio 
338 |a volumen  |b nc  |2 rdasoporte 
520 |a Ideas del distinguido arquitecto jalisciense Ignacio Díaz Morales respecto a la teoría de la arquitectura y su ejercicio profesional. 
649 |a XX 
650 |a Arquitectos Jaliscienses 
650 |a Arquitectos Mexicanos 
650 |a Arquitectura -  |x Teoría 
650 |a Arquitectura -  |x Estudio y Enseñanza 
650 |a Arquitectura Jalisciense 
650 |a Arquitectura Mexicana 
910 |a Fondo General 
920 |a Impresos - Libros 
930 |a Libros Antiguos y Raros 
905 |a 108 
901 |a 0500029676  |b IT2  |c LRA  |u 20250526 
902 |a https://opac.biblio.iteso.mx/vufind/Record/000275587